=LDR 00000nam 2200000 4500 =001 000230 =005 20250711024309 =035 ##$$a 0010-0725000049 =245 1#$$a Ming-Ming,si Beruang Kecil yang Gembul : $b tidak ada /$c Jerry Pinto =100 #$$a Pinto,Jerry =250 ##$$a pertama =300 ##$$a 20hlm. : $b ilus. ; $c 22,9cm =856 ##$$a TBM AS-SYUHADA =700 #$$a Vishnu M Nair =260 ##$$a Jakarta Timur :$b Badan Pengembangan dan Pembinaan Bahasa,$c 2022 =082 ##$$a 398.209 598 =008 250711###########################0###### =084 ##$$a 398.209 598 PIN m =990 ##$$a TBM202500040